|
|
|
|
| LEADER |
00000cab a2200000 a 4500 |
| 001 |
vtls011431116 |
| 003 |
SK-MaSNL |
| 005 |
20260303185301.0 |
| 008 |
230313|2004 xo |||||||||||||||||slo| |
| 015 |
|
|
|a SNBRB
|
| 035 |
|
|
|a vtls001563992
|
| 035 |
|
|
|a urn:nbn:sk:snk-ab6mj8
|
| 035 |
|
|
|a (uuid)b8c84c85-ce26-4651-96bc-e075e0ba388c
|
| 035 |
|
|
|a (urnnbn)urn:nbn:sk:snk:ar-005hl9
|
| 040 |
|
|
|a SNKBUCL
|b slo
|c SNKBUCL
|e AACR2
|
| 041 |
0 |
|
|a slo
|b eng
|b slo
|
| 044 |
|
|
|a xo
|c SK
|
| 080 |
|
|
|a 616.94-053.31:579.84
|2 1997
|
| 245 |
0 |
0 |
|a Prekvapujúci zdroj kmeňov Klebsiella pneumoniae s prenosnou multirezistenciou, vyvolávajúcich septické stavy novorodencov
|c Jana Bláhová, Marta Babálová, Kvetoslava Králiková, Vladimír Krčméry jun., Radko Menkyna, Nataša Bartoníková, Renata Skaličková
|
| 246 |
3 |
1 |
|a Unexpected source of Klebsiella pneumoniae strains with transferable multiple drug resistance causing clinical sepsis in newborns
|
| 504 |
|
|
|a Obsahuje bibliografické odkazy
|
| 650 |
0 |
7 |
|a Klebsiella pneumoniae
|2 snkbucl
|9 851323
|
| 650 |
0 |
7 |
|a infekcie
|2 snkbucl
|9 685
|
| 650 |
0 |
7 |
|a lieková rezistencia
|2 snkbucl
|9 75860
|
| 650 |
0 |
7 |
|a novorodenci
|2 snkbucl
|9 1225
|
| 655 |
|
7 |
|a štúdie
|2 snkbucl
|9 57033
|
| 700 |
1 |
|
|a Bláhová, Jana
|4 aut
|9 472974
|
| 700 |
1 |
|
|a Králiková, Kvetoslava
|4 aut
|9 472975
|
| 700 |
1 |
|
|a Krčméry, Vladimír,
|d 1960-2022
|4 aut
|9 113530
|
| 700 |
1 |
|
|a Menkyna, Radko,
|d 1926-2012
|4 aut
|9 190070
|
| 700 |
1 |
|
|a Bartoníková, Nataša
|4 aut
|9 1216315
|
| 700 |
1 |
|
|a Skaličková, Renata
|4 aut
|9 1216320
|
| 700 |
1 |
|
|a Babálová, Marta,
|d 1954-
|4 aut
|9 231663
|
| 773 |
0 |
|
|t Lekársky obzor
|g Roč. 53, č. 11 (2004), s. 440-441
|
| 954 |
|
|
|a odborná, vedecká literatúra pôvodná (slovenská)
|2 lita
|
| 958 |
|
|
|a OND
|
| 958 |
|
|
|a EUIPO
|
| 958 |
|
|
|a article_dop4
|
| 999 |
|
|
|c 2130613
|d 2132543
|